| 000 | 00681nam a2200217Ia 4500 | ||
|---|---|---|---|
| 003 | GCL | ||
| 008 | 140319s9999 xx 000 0 ara d | ||
| 040 |
_aGCL / _cGCL |
||
| 082 | 0 | 4 |
_a327.11 _bح ا |
| 100 | 1 | _aحسن وجيه | |
| 245 | 1 | 0 |
_aازمة الخليج ولغة الحوار السياسى فى الوطن العربى / _cحسن وجيه |
| 260 |
_a[S.N] : _bدار سعاد الصباح ، _c1992 |
||
| 300 | _a298 ص | ||
| 490 | _a | ||
| 650 | 0 | 4 | _aالعالم العربى |
| 650 | 0 | 4 | _aالاحوال السياسية |
| 650 | 0 | 4 | _aمقالات ومحاضرات |
| 650 | 0 | 4 | _aحرب الخليج |
| 650 | 0 | 4 | _aوسائل الاعلام |
| 942 |
_2ddc _cBK |
||
| 999 |
_c29213 _d29213 |
||